A Study of Individual Financial Planning (Record no. 359436)

MARC details
000 -LEADER
fixed length control field 00373nam a22001337a 4500
005 - DATE AND TIME OF LATEST TRANSACTION
control field 20240809164029.0
008 - FIXED-LENGTH DATA ELEMENTS--GENERAL INFORMATION
fixed length control field 240809b |||||||| |||| 00| 0 eng d
041 ## - LANGUAGE CODE
Language code of text/sound track or separate title eng
082 ## - DEWEY DECIMAL CLASSIFICATION NUMBER
Item number PAT
100 ## - MAIN ENTRY--PERSONAL NAME
Author Pathak shweta- 2K221116 & Dr. Prashant Mamarde-Guide
245 ## - TITLE STATEMENT
Title A Study of Individual Financial Planning
260 ## - PUBLICATION, DISTRIBUTION, ETC.
Place of publication, distribution, etc. Pune
Name of publisher, distributor, etc. SPPU
Date of publication, distribution, etc. March-2024
942 ## - ADDED ENTRY ELEMENTS (KOHA)
Koha item type Project Reports
Holdings
Withdrawn status Lost status Source of classification or shelving scheme Damaged status Not for loan Home library Current library Date acquired Vendor Total Checkouts Full call number Barcode Date last seen Bill Date Koha item type Original Barcode
    Dewey Decimal Classification     Smt. Hiraben Nanavati Institute of Management & Research for Women Smt. Hiraben Nanavati Institute of Management & Research for Women 28/03/2024 HNIMR   PAT HIMR-PR-796 09/08/2024 09/08/2024 Project Reports PR0796